000 01573nam a2200397 c 4500
999 _c4186
_d4186
003 BLK
005 20221208123624.0
008 180412b bul|||||r ||||||| ||bul||
010 _aKNG00005318000
020 _a954-584-056-0
040 _aBLK
041 _aBUL
_cBUL
080 _aСредновековна и нова обща история
_b94
_z94
080 _aПолитика. Вж и 341 ; 342
_b32
_z32
080 _aЦивилизация. Култура. Прогрес. История на културата вж 930.85
_b008
_x"19"
_z008"19"
139 _aХроника на 20-и век
_bХ 89
245 1 0 _aХроника на 20-и век
_bВ 5 т.
_cпрев. на том Евгени Александров.
_nЧ. 1
_p1900 - 1919
257 _aGBR
260 _c1994 -
_9210247
_aСофия
_bАбагар Холдинг
_dСтаро име - Абагар Паблишинг, ново име - Мария Арабаджиева
_n954-8004- ; 954-584-
300 _c30 см
380 _a9
440 _n1900 - 1919
_9395944
500 _aОриг. загл. Pictorial History of the 20th Century ; Офс. изд
650 4 _aИстория, нова
_9246041
650 4 _aПолитика
_9166818
650 4 _aЦивилизации
_9177255
653 _aнова история
653 _aполитика
653 _aХХ в.
700 1 _aАлександров, Евгени
_eпрев. на том
_9363652
760 1 _dАбагар Холдинг, 1994
_h96 с. : с ил.
_tЧ. 1 1900 - 1919
852 _aЦб ІІ 8180
_bЦб
856 4 _qpdf
_u
856 4 _qpdf
_u
942 _cKNG
_n0
_s1
_03
944 _aCR
_c15.01.2003
_kГеновева_Генчева
944 _aED
_c23.03.2004
999 _d4186
999 _d4186